000 00904cam a2200253 i 4500
005 20251224100236.0
008 250721s1996 ua gr 000 0 ara d
082 1 4 _a218,6
_bش ه ا
100 1 _aالشهاوي، مجدي محمد
_eمؤلف.
245 1 0 _aمن فاته بر والديه وفضل بر الوالدين والتحذير من عقوقها /
_cمجدي محمد الشهاوي.
250 _aالطبعة الأولى.
264 3 1 _aالقاهرة :
_bمكتبة الأيمان للنشر،
_c1996.
300 _a64 صفحة.
650 1 7 _aالإسلام.
650 1 7 _aالآداب الإسلامية.
650 1 7 _aالفضائل.
650 1 7 _aحقوق الوالدين.
650 1 7 _aالأمهات.
650 1 7 _aالأدباء.
650 1 7 _aالواجبات.
650 1 7 _aالعقوبات.
942 _2ddc
_cBK
999 _c4810
_d4810